000
00277nam a22000977a 4500
082
_a
823
_b
ROW/H
100
_a
ROWLING,J.K
245
_a
HARRY POTTERS& THE PHILOSOPHER'S STONE
246
_a
HARRY POTTERS& THE PHILOSOPHER'S STONE
_b
HARRY POTTERS& THE PHILOSOPHER'S STONE
942
_c
BK
999
_c
8193
_d
8193